00685 a2200181 4500001000700000003000400007005001700011008004100028082001700069100002500086245005400111260002900165300001000194690014900204942001200353999001300365952012500378066533OSt20211001104840.0  a822.33bS15M1 aShakespeare, William1 aA midsummer night's dreamcby William Shakespeare aNew DelhibPenguinc2005 a128p. aShakespeare, William, 1564-1616; Greece--Athens; Fairy plays; Man-woman relationships; Courtship; Kings and rulers; English drama (Comedy); Love 2ddccBK c578d578 00102ddc40708TXBaCURAJbCURAJd2012-03-07eENGg429.00l4o822.33 S15Mp819r2026-06-16s2026-05-20w2020-09-02yBK